University Home | Library Home | Institutional Repository

Teaching tips : (Record no. 195168)

MARC details
000 -LEADER
fixed length control field 00829cam9a220026500 4500
001 - CONTROL NUMBER
control field lce00428907
008 - FIXED-LENGTH DATA ELEMENTS--GENERAL INFORMATION
fixed length control field 780616s1978 mau b 001 0 eng
010 ## - LIBRARY OF CONGRESS CONTROL NUMBER
LC control number 78051066
020 ## - INTERNATIONAL STANDARD BOOK NUMBER
International Standard Book Number 0669011517
035 ## - SYSTEM CONTROL NUMBER
System control number (Sirsi) r115062
035 ## - SYSTEM CONTROL NUMBER
System control number (DLC) 78051066
035 ## - SYSTEM CONTROL NUMBER
System control number (UPRA)lce00428907
040 ## - CATALOGING SOURCE
Modifying agency UPRA
050 0# - LIBRARY OF CONGRESS CALL NUMBER
Classification number LB1738
Item number .M25 1978
082 ## - DEWEY DECIMAL CLASSIFICATION NUMBER
Classification number 378.1/2
100 1# - MAIN ENTRY--PERSONAL NAME
Personal name McKeachie, Wilbert James, 1921-
Dates associated with a name McKeachie, Wilbert James, 1921-
Linkage A4535.1
245 10 - TITLE STATEMENT
Title Teaching tips :
Remainder of title a guidebook for the beginning college teacher /
Statement of responsibility, etc. Wilbert J. McKeachie.
250 ## - EDITION STATEMENT
Edition statement 7th ed.
260 ## - PUBLICATION, DISTRIBUTION, ETC.
Place of publication, distribution, etc. Lexington, MA :
Name of publisher, distributor, etc. Heath,
Date of publication, distribution, etc. c1978.
500 ## - GENERAL NOTE
General note Includes index.
504 ## - BIBLIOGRAPHY, ETC. NOTE
Bibliography, etc. note Bibliography: p. 299-326.
650 #0 - SUBJECT ADDED ENTRY--TOPICAL TERM
Topical term or geographic name entry element College teaching.
Linkage S27696.1
949 ## - LOCAL PROCESSING INFORMATION (OCLC)
a LB1738
w lcc
i -165407
m MAIN
t BOOK
l ON-SHELF

No items available.

© 2026 - The University of Zambia Library - Koha v25.11